Методы создания износостойких покрытий: учебное пособие

Dades bibliogràfiques
Autor principal: Елагина О. Ю. Оксана Юрьевна
Autor corporatiu: Российский государственный университет нефти и газа им. И. М. Губкина (РГУ Нефти и Газа)
Sumari:Учебное пособие содержит пять глав, которые охватывают все основные технологии нанесения на поверхность деталей, подвергающихся интенсивному механическому и коррозионно-механическому изнашиванию, износостойких покрытий. Структура учебного пособия включает в себя знакомство с основными группами методов нанесения износостойких покрытий и особенностями формования покрытий при их использовании; с физико-химическими процессами, протекающими в поверхностном слое при использовании наплавочных технологий; особенностями формирования поверхностных слоев методами напыления и металлизации; с методами механо-термического формирования износостойких покрытий; с технологиями нанесения гальванических покрытий; с технологическими особенностями применения при наплавке разных источников нагрева. Использованы данные отечественных и зарубежных исследований в этой области. Особенностью этого учебного пособия является сочетание в нем материалов по теоретической и практической подготовке студентов, которая представлена в виде практических работ, помещенных в конце разделов. Учебное пособие предназначено для студентов, обучающихся по специальности 150205 «Оборудование и технологии повышения износостойкости и восстановления деталей машин и аппаратов» направления подготовки дипломированных специалистов 150200 «Машиностроительные технологии и оборудование». Издание может быть полезно для магистрантов, аспирантов, слушателей курсов повышения квалификации и инженерно-технического персонала, работающих в области ремонта, восстановления и повышения износостойкости деталей машин.
Idioma:rus
Publicat: Москва, Недра, 2010
Matèries:
Format: Llibre
KOHA link:https://koha.lib.tpu.ru/cgi-bin/koha/opac-detail.pl?biblionumber=196419

MARC

LEADER 00000nam0a2200000 4500
001 196419
005 20231031183055.0
010 |a 9785836503635 
035 |a (RuTPU)RU\TPU\book\214282 
090 |a 196419 
100 |a 20110524d2010 m y0rusy50 ca 
101 0 |a rus 
102 |a RU 
105 |a a j 001zy 
200 1 |a Методы создания износостойких покрытий  |e учебное пособие  |f О. Ю. Елагина  |g Российский государственный университет нефти и газа им. И. М. Губкина (РГУ Нефти и Газа) 
210 |a Москва  |c Недра  |d 2010 
215 |a 570 с.  |c ил. 
320 |a Библиогр.: с. 567-568. 
330 |a Учебное пособие содержит пять глав, которые охватывают все основные технологии нанесения на поверхность деталей, подвергающихся интенсивному механическому и коррозионно-механическому изнашиванию, износостойких покрытий. Структура учебного пособия включает в себя знакомство с основными группами методов нанесения износостойких покрытий и особенностями формования покрытий при их использовании; с физико-химическими процессами, протекающими в поверхностном слое при использовании наплавочных технологий; особенностями формирования поверхностных слоев методами напыления и металлизации; с методами механо-термического формирования износостойких покрытий; с технологиями нанесения гальванических покрытий; с технологическими особенностями применения при наплавке разных источников нагрева. Использованы данные отечественных и зарубежных исследований в этой области. Особенностью этого учебного пособия является сочетание в нем материалов по теоретической и практической подготовке студентов, которая представлена в виде практических работ, помещенных в конце разделов. Учебное пособие предназначено для студентов, обучающихся по специальности 150205 «Оборудование и технологии повышения износостойкости и восстановления деталей машин и аппаратов» направления подготовки дипломированных специалистов 150200 «Машиностроительные технологии и оборудование». Издание может быть полезно для магистрантов, аспирантов, слушателей курсов повышения квалификации и инженерно-технического персонала, работающих в области ремонта, восстановления и повышения износостойкости деталей машин. 
606 1 |a Защитные покрытия  |x Нанесение  |2 stltpush  |3 (RuTPU)RU\TPU\subj\11431 
610 1 |a износостойкие покрытия 
610 1 |a поверхностные покрытия 
610 1 |a нанесение 
610 1 |a наплавочные технологии 
610 1 |a напыление 
610 1 |a металлизация 
610 1 |a поверхности 
610 1 |a механо-термическое формирование 
610 1 |a гальванические покрытия 
610 1 |a учебные пособия 
675 |a 621.793(075.8)  |v 3 
700 1 |a Елагина  |b О. Ю.  |g Оксана Юрьевна 
712 0 2 |a Российский государственный университет нефти и газа им. И. М. Губкина (РГУ Нефти и Газа)  |c (Москва)  |c (1998- )  |2 stltpush  |3 (RuTPU)RU\TPU\col\408 
801 1 |a RU  |b 63413507  |c 20110524 
801 2 |a RU  |b 63413507  |c 20131125  |g RCR 
900 |a Технология материалов и покрытий 
900 |a Современные технологии поверхностного упрочнения и нанесения покрытий 
942 |c BK 
951 |b 150100  |b 150200  |b 150205